| 000 | 00649nam a2200229Ia 4500 | ||
|---|---|---|---|
| 005 | 20260320201933.0 | ||
| 008 | 008 262003s9999 xx 000 0 eng d | ||
| 037 | _aEBOOK | ||
| 040 | _aCRL | ||
| 040 | _beng | ||
| 040 | _cCRL | ||
| 041 | _2eng | ||
| 041 | _aeng | ||
| 084 | _qCRL | ||
| 100 | _aClements | ||
| 245 | 0 | _aPractical Computer Architecture with Python and ARM: An introductory guide for enthusiasts and students to learn how computers work and program their own | |
| 260 | _bIEEE | ||
| 856 | _uhttps://ieeexplore.ieee.org/servlet/opac?bknumber=10251207 | ||
| 942 | _cEBOOK | ||
| 999 |
_c1724380 _d1724380 |
||